Loading...
| Fine Arts - Classical Music | 2 | 0.00 | 0% | 0% | 0% |
| Fine Arts - Painting and Sculpture | 1 | 10.00 | 100% | 0% | 0% |
| History - American | 1 | 10.00 | 100% | 0% | 0% |
| History - European | 3 | 6.67 | 67% | 0% | 0% |
| History - Other | 1 | 0.00 | 0% | 0% | 0% |
| History - World | 1 | 10.00 | 100% | 0% | 0% |
| Literature - American | 2 | 5.00 | 50% | 0% | 0% |
| Literature - British | 1 | 0.00 | 0% | 0% | 0% |
| Literature - European | 1 | 20.00 | 100% | 100% | 0% |
| Mythology | 3 | 10.00 | 100% | 0% | 0% |
| Philosophy | 1 | 0.00 | 0% | 0% | 0% |
| Popular Culture | 1 | 20.00 | 100% | 100% | 0% |
| Religion | 1 | 10.00 | 0% | 100% | 0% |
| Science - Biology | 1 | 0.00 | 0% | 0% | 0% |
| Science - Other | 4 | 2.50 | 25% | 0% | 0% |
| Science - Physics | 1 | 0.00 | 0% | 0% | 0% |
| Social Science | 2 | 5.00 | 50% | 0% | 0% |